00552nam a2200157 i 4500001000300000100001900003245011100022260002100133040000800154041000800162942000700170008004100177999001700218856009800235952006100333bg1 aNADOLNY, Karol 0aNiezawodnościowe problemy eksploatacyjnych zmian jakości silnikowych olejów smarowych /cK. Nadolny. aPoznań,c1985. cBPK apol cKS s pl f |000 0 pol  c23922d23922 uhttp://koha.tu.koszalin.pl/cgi-bin/koha/opac-detail.pl?biblionumber=23922yKatalog online BPK 00104070aBPKbBPKcwo34174p01586688s2015-10-20yKS